Týždeň vedy a umenia na Pedagogickej fakulte Katolíckej univerzity v Ružomberku zborník prednášok z Týždňa európskej vedy : Ružomberok 5. 11. - 7. 11. 2012
Gespeichert in:
| Körperschaft: | |
|---|---|
| Weitere Verfasser: | |
| Format: | Buch |
| Sprache: | Slowakisch |
| Veröffentlicht: |
Ružomberok
VERBUM - vydavateľstvo Katolíckej univerzity v Ružomberku
2013
|
| Schlagworte: | |
| Tags: |
Keine Tags, Fügen Sie das erste Tag hinzu!
|
MARC
| LEADER | 00000nlm a2200000 4500 | ||
|---|---|---|---|
| 001 | 0178553 | ||
| 005 | 20221020121955.8 | ||
| 020 | |a 978-80-8084-991-7 | ||
| 041 | 0 | |a slo | |
| 044 | |a SK | ||
| 245 | 1 | 0 | |a Týždeň vedy a umenia na Pedagogickej fakulte Katolíckej univerzity v Ružomberku |b zborník prednášok z Týždňa európskej vedy : Ružomberok 5. 11. - 7. 11. 2012 |c zostavovateľ Amantius Akimjak |
| 264 | 1 | |a Ružomberok |b VERBUM - vydavateľstvo Katolíckej univerzity v Ružomberku |c 2013 | |
| 300 | |a CD-ROM [350 s.] | ||
| 610 | 2 | 0 | |a výchova |
| 610 | 2 | 0 | |a vzdelávanie |
| 610 | 2 | 0 | |a vedy humanitné |
| 610 | 2 | 0 | |a umenie |
| 610 | 2 | 0 | |a veda ekonomická |
| 610 | 2 | 0 | |a právo |
| 610 | 2 | 0 | |a sociológia |
| 610 | 2 | 0 | |a vedy prírodné |
| 610 | 2 | 0 | |a zdravotníctvo |
| 700 | 1 | |a Akimjak, Amantius | |
| 710 | 2 | |a Katolícka univerzita v Ružomberku. Pedagogická fakulta | |